000 01727 a2200265 4500
001 47206
005 20260407155740.0
008 260407a1996 arg spa d
003 AR-UNSa-BCEJYS
040 _aAR-UNSa-BCEJYS
_bspa
_cAR-UNSa-BCEJYS
080 _a330.101.541
_xMacroeconomía
245 1 0 _aCuestiones y problemas de Macroeconomía
020 _a84-481-0268-1
264 1 _aMadrid :
_bMcGraw-Hill
_c1996
300 _a341 p.
_c24 cm.
505 _aParte I: La economía española como marco de referencia: 1. Evolución reciente de las principales magnitudes macroeconómicas (I) - 2. Evolución reciente de las principales magnitudes macroeconómicas (II) - Parte II: Ejercicios y cuestiones de los principales temas macroeconómicos: 3. Mercado de trabajo competitivo y desempleo - 4. El sector del gasto: La demanda de bienes y servicios - 5. Mercado de dinero y política monetaria - 6. Mercado de divisas y tipo de cambio - 7. Demanda agregada en una economía abierta (I) - 8. Demanda agregada en una economía abierta (II). El modelo IS-LM-BP con movilidad imperfecta y perfecta del capital - 9. Oferta agregada (I). Desempleo de equilibrio y políticas - 10. Oferta agregada (II). Desempleo de equilibrio, competitividad y políticas - 11. Fluctuaciones cíclicas y políticas de estabilización: especial énfasis en la política fiscal -
942 _cBK
590 _aniveau_biblio:m niveau_hierar:0
100 1 _aGamez Amian, Consuelo
700 1 _aMochón Morcillo, Francisco
700 1 _aGrana, J. Francisco
700 1 _aGarcía- Alarcón, Borja
700 1 _aTorres, José Luis
856 4 1 _uhttps://www.biblioeco.unsa.edu.ar/pmb/images/libros/L127433.jpg
_yImagen de portada
_qimage/jpeg
999 _c4318
_d4318